| 000 | 01299cam a2200337 a 4500 | ||
|---|---|---|---|
| 999 |
_c126762 _d126762 |
||
| 001 | 4661932 | ||
| 003 | ARRUPE | ||
| 005 | 20170824112709.0 | ||
| 008 | 820830r1982 nyua b 001 0 eng | ||
| 010 | _a 80002962 | ||
| 020 |
_a0385152434 : _c$19.95 |
||
| 020 | _a0385152442 (pbk.) | ||
| 040 |
_aDLC _cDLC _dDLC _dOCoLC _dDLC |
||
| 043 |
_an-usu-- _an-usa-- |
||
| 050 | 0 | 0 |
_aBR563.M68 _bF69 1982 |
| 082 | 0 | 0 |
_a280/.0975 _219 |
| 245 | 0 | 0 |
_aFoxfire 7 / _cedited with an introduction by Paul F. Gillespie. _bministers, church members, revivals, baptisms, shaped-note and gospel singing, faith healing, camp meetings, footwashing, snake handling, and other traditions of mountain religious heritage |
| 250 | _a1st ed. | ||
| 260 |
_aGarden City, N.Y. : _bAnchor Press/Doubleday, _c1982. |
||
| 300 |
_a510 p. : _bill. ; _c24 cm. |
||
| 500 | _a"Contains articles first published in Foxfire magazine"--Verso t.p. | ||
| 504 | _aIncludes bibliographical references and index. | ||
| 650 | 0 |
_aCountry life _zGeorgia _zRabun Gap _935183 |
|
| 650 | 0 |
_aHandicraft _zGeorgia _zRabun Gap _935184 |
|
| 651 | 0 |
_aRabun Gap, Ga (USA) _935190 |
|
| 700 | 1 |
_aGillespie, Paul F. _935194 |
|
| 730 | 0 |
_aFoxfire. _935187 |
|
| 856 | 4 | 2 |
_3Publisher description _uhttp://www.loc.gov/catdir/description/random043/80002962.html |
| 906 |
_a7 _bcbc _corignew _d2 _eocip _f19 _gy-gencatlg |
||
| 942 |
_2lcc _cMONOGRAPH |
||